[Event "GER-chT U10"]
[Site "Magdeburg"]
[Date "2016.12.27"]
[Round "1.4"]
[White "Helms, Finn"]
[Black "Schachner Blume, Leander"]
[Result "0-1"]
[WhiteElo "913"]
[BlackElo "843"]
[PlyCount "86"]
[EventDate "2016.12.27"]
[EventType "team-swiss"]
[EventRounds "7"]
[EventCountry "GER"]
[SourceTitle "EXT 2018"]
[Source "ChessBase"]
[SourceDate "2017.10.13"]
[SourceVersion "1"]
[SourceVersionDate "2017.10.13"]
[SourceQuality "1"]
[WhiteTeam "Lueneburg Turm"]
[BlackTeam "Duesseldorf SV"]
[WhiteTeamCountry "GER"]
[BlackTeamCountry "GER"]

1. d4 d5 2. Bf4 Nc6 3. e3 Nf6 4. Bd3 e6 5. Nf3 Bb4+ 6. c3 Ba5 7. Nbd2 Bd7 8. 0-0 Qe7 9. Qe2 0-0 10. Rad1 Rad8 11. a4 a6 12. b4 Bb6 13. a5 Ba7 14. Bxc7 Rc8 15. Be5 Rfe8 16. Bc2 Bb8 17. Bxb8 Rxb8 18. Qd3 g6 19. Ne5 Nxe5 20. dxe5 Ng4 21. Nf3 Bb5 22. c4 Bxc4 23. Qd4 Bxf1 24. Qxg4 Be2 25. Rd2 Bxf3 26. Qxf3 Qxb4 27. Rd1 Rbc8 28. Rc1 Qd2 29. Rd1 Qxc2 30. h3 Rc5 31. Re1 Rxa5 32. Rf1 b5 33. Qf6 Qf5 34. Qxf5 exf5 35. f4 b4 36. Rb1 Rb8 37. Rb3 Ra3 38. Rxa3 bxa3 39. Kf2 a2 40. g3 Rb2+ 41. Kf3 a1Q 42. g4 Qf1+ 43. Kg3 Qf2# 0-1